Theory of structural geology (Record no. 278954)

MARC details
000 -LEADER
fixed length control field 00439nam a2200181Ia 4500
005 - DATE AND TIME OF LATEST TRANSACTION
control field 20241115091822.0
008 - FIXED-LENGTH DATA ELEMENTS--GENERAL INFORMATION
fixed length control field 240126s9999 xx 000 0 und d
020 ## - INTERNATIONAL STANDARD BOOK NUMBER
International Standard Book Number 9788123904535
082 ## - DEWEY DECIMAL CLASSIFICATION NUMBER
Classification number 551.8 GOK;1
100 ## - MAIN ENTRY--PERSONAL NAME
Personal name Gokhale, N W.
245 #0 - TITLE STATEMENT
Title Theory of structural geology
250 ## - EDITION STATEMENT
Edition statement 1st ed.
260 ## - PUBLICATION, DISTRIBUTION, ETC. (IMPRINT)
Name of publisher, distributor, etc. CBS Publisher
Place of publication, distribution, etc. New Delhi
Date of publication, distribution, etc. 1996
300 ## - PHYSICAL DESCRIPTION
Extent 224
440 ## - SERIES STATEMENT/ADDED ENTRY--TITLE
Title NULL
650 ## - SUBJECT ADDED ENTRY--TOPICAL TERM
Topical term or geographic name as entry element structural,geology
942 ## - ADDED ENTRY ELEMENTS (KOHA)
Koha item type PESU Books
Holdings
Date last seen Total Checkouts Full call number Accession number Old discount Volume/Issue Number Cost, replacement price Price effective from Category Lost status Damaged status Department Withdrawn status bill no. Permanent Location Current Location Shelving location Entry date Vendor Cost, normal purchase price Grants Currency symbol Conversion rate Discount Discount type
26/01/2024   551.8 GOK;1 PU5805 30 (18/06/1905) 122.50 26/01/2024 PESU Books         1 Central Library Central Library   15/09/2016 Maruthi Book House 175.00 Civil RS 1 52.5 Rupees

© For any Suggestions or Query, please contact the library staff @ librarian@pes.edu or Phone: +9180 2672 1983/ 2108.